Geographie mit 4 Buchstaben #2 - Statistiken

Allgemein
  • Dieses Quiz wurde 413 mal gespielt
  • Das Durchschnittsergebnis liegt bei 13 aus 20
Antwortstatistiken
Hinweis Antwort % Korrekt
Hauptstadt von Lettland Riga
98%
Land von Machu Picchu Peru
96%
Fluss von Hamburg Elbe
93%
Nachbar von Vietnam Laos
93%
Hauptstadt von Westdeutschland Bonn
92%
Gebirge an der Grenze von Asien und Europa Ural
88%
Größte Wüste in China Gobi
85%
US-Bundesstaat, in dem Cleveland ist Ohio
84%
3. Größte Stadt in Frankreich Lyon
80%
Hauptstadt der Malediven Malé
76%
Ehemaliger Name von Thailand Siam
68%
Hauptstadt von Ost-Timor Dili
56%
Der aktivste Vulkan in Europa Etna
51%
Zweitgrößte Stadt in Flandern Gent
48%
Sibirischer Fluss von Jakutsk Lena
47%
3. größte Stadt in Polen Łodz
46%
Heimatstadt von Galileo Galilei Pisa
39%
Insel von Honolulu O'ahu
33%
Fluss im Norden Asiens, der einer Tigerart einen Namen gegeben hat Amur
27%
Ehemalige Hauptstadt von China Xi'an
18%
Keine übereinstimmenden Quizze gefunden
Verteilung der Resultate
Anzahl Personen mit jedem Resultat
Perzentil nach korrekt beantworteten Fragen
Ihre Resultats-Entwicklung
Sie haben dieses Quiz noch nicht gespielt